Διαχείριση παράκτιας ζώνης την νήσου Χίος : [μεταπτυχιακή διατριβή]

Αποθηκεύτηκε σε:
Λεπτομέρειες βιβλιογραφικής εγγραφής
Κύριος συγγραφέας: Κλειδάς, Ιωάννης
Συγγραφή απο Οργανισμό/Αρχή: Πανεπιστήμιο Αιγαίου Σχολή Περιβάλλοντος Τμήμα Επιστημών της Θάλασσας Πρόγραμμα Μεταπτυχιακών Σπουδών Διαχείριση Παράκτιων Περιοχών
Άλλοι συγγραφείς: Αλεξόπουλος, Αριστοτέλης (Εισηγητής διατριβής), Βελεγράκης, Αντώνιος Φ. (Εισηγητής διατριβής)
Μορφή: Thesis Βιβλίο
Γλώσσα:Greek
Δημοσίευση: 2013
Θέματα:
Διαθέσιμο Online:http://hdl.handle.net/11610/11644
Ετικέτες: Προσθήκη ετικέτας
Δεν υπάρχουν, Καταχωρήστε ετικέτα πρώτοι!

MARC

LEADER 00000cam a2200000 i 4500
001 1/56254
008 140917s2011 gre d
035 |l 10119149 
040 |a GR-MY-UA  |b gre  |e aacr 
041 0 |a gre 
082 0 |a 333.917  |2 (22) 
100 1 |a Κλειδάς, Ιωάννης. 
245 1 0 |a Διαχείριση παράκτιας ζώνης την νήσου Χίος :  |b [μεταπτυχιακή διατριβή] /  |c Κλειδάς Ιωάννης ; [επιβλέποντες: Βελεγράκης Ιωάννης, Αλεξόπουλος Αριστοτέλης] 
260 |c 2013 
300 |a 150 σ.;  |b εικ.;  |c 30 εκ. 
502 |a Διατριβή (μεταπτυχιακή) – Πανεπιστήμιο Αιγαίου, Λέσβος, 2013. 
504 |a Περιλαμβάνει βιβλιογραφία 
650 0 0 |a Coastal zone management  |z Greece  |z Chios Island. 
650 0 0 |a Dissertations, Academic  |z Greece. 
651 0 |a Chios Island (Greece)  |x Environmental conditions. 
700 1 |a Αλεξόπουλος, Αριστοτέλης.  |4 ths 
700 1 |4 ths  |a Βελεγράκης, Αντώνιος Φ. 
710 2 |a Πανεπιστήμιο Αιγαίου  |b Σχολή Περιβάλλοντος  |b Τμήμα Επιστημών της Θάλασσας  |b Πρόγραμμα Μεταπτυχιακών Σπουδών Διαχείριση Παράκτιων Περιοχών. 
852 |a INST  |b LESVOS  |c DIATR  |e 20140917  |h 241  |p 005100055264  |q 005100055264  |t MTXE  |y 23 
852 |a INST  |b LESVOS  |c DIATR  |e 20140917  |h 242  |p 005100055265  |q 005100055265  |t MTXE  |y 23 
856 |u http://hdl.handle.net/11610/11644 
901 |a BIBL1-2014-3 
909 |a Λ  |b 190786 
909 |a Λ  |b 190787 
924 |a ΚΛΕΙΔΑΣ  |b ΙΩΑΝΝΗΣ  |y ΛΕΣΒΟΣ  |z 2013-04 
970 |a ΤΖΑΦΕΡΗ  |b ΕΥΑΓΓΕΛΙΑ  |z 2014/09/17